Language Quiz

Random Language or State Quiz

Word Smuggling IV Quiz Stats

 Plays Quiz Updated Jul 23, 2014

Support Sporcle.
Go Orange.
Score 0/47 Timer 08:00
2 Plays Today
% Correct
AR
88.2%
MA
88.2%
SD
88.1%
VA
88%
MS
87.7%
IL
87.4%
OR
86.9%
OH
86.6%
IA
86.4%
CT
86%
NY
85.9%
AZ
85.7%
FL
85.6%
MN
85.6%
KS
85.3%
NE
85%
AL
85%
WA
84.7%
IN
84%
NM
81.6%
MD
81.2%
CA
81%
MT
80.4%
RI
80%
% Correct
GA
79.7%
KY
79.6%
NV
79.6%
NJ
77.8%
NH
77.8%
NC
77.6%
ID
77%
PA
73.4%
MO
73.1%
AK
72.6%
DE
72.5%
LA
72.4%
TN
72.3%
SC
70.8%
CO
64.6%
HI
64.3%
OK
62.7%
MI
62.4%
ME
62%
UT
60.8%
ND
57%
WI
53.6%
WY
47.9%

You're not logged in!

Compare scores with friends on all Sporcle quizzes.
OR
Log In

From the Vault

Bugs In Song Lyrics

by JoeBeta

Music has never creeped us out so much.
Remove Ads.
Support Sporcle.
Get the best of Sporcle when you Go Orange. This ad-free experience offers more features, more stats, and more fun while also helping to support Sporcle. Thank you for becoming a member.

Show Comments

Extras

Top Quizzes Today


Score Distribution

Your Account Isn't Verified!

In order to create a playlist on Sporcle, you need to verify the email address you used during registration. Go to your Sporcle Settings to finish the process.

Report this User

Report this user for behavior that violates our Community Guidelines.

Details: